| 000 | 00621nam a2200193Ia 4500 | ||
|---|---|---|---|
| 005 | 20250326140539.0 | ||
| 008 | 250326s9999 xx 000 0 und d | ||
| 020 | _a0-12-449975-9 | ||
| 037 | _aTextbook | ||
| 040 |
_aFMSL _beng _cFMSL |
||
| 041 |
_aeng _2eng |
||
| 084 |
_aX:89A P0 _qFMSL |
||
| 100 |
_aLientz B P _9742539 |
||
| 245 | 0 |
_aOn time techonology implementation : how to achieve implimentation success with limited time and resource _cLientz B P; Rea K P |
|
| 260 |
_aSan Francisco _bSan Francisco, Academic _c2000 |
||
| 300 | _axxi,293 | ||
| 942 |
_cTB _hX:89A P0 |
||
| 999 |
_c1286261 _d1286261 |
||